000 00661nam a22002057a 4500
003 koha_MIRAKIL
005 20260417154448.0
008 260417b tur||||| |||| 00| 0 tur d
020 _a9786050828900
040 _aTR-IsEVY
_btur
_cTR-IsEVY
082 _aFIC ORA/L
100 _aOrakçı, Mustafa
245 0 _aLevent top oynuyor /
_cMustafa Orakçı ; resimleyen Derya Işık Özbay.
260 _aİstanbul :
_bTimaş Yayınları,
_c2018.
300 _a24 s. :
_brenkli resimli ;
_c21 cm.
490 0 _aİlk Okuma Kitaplarım ; 10.
650 _aÇocuk Edebiyatı.
_vResimli Kitaplar.
700 1 _aÖzbay, Derya Işık.
_cresimleyen.
942 _2ddc
_cBK
999 _c23526
_d23526